الببليوغرافيا الوطنية الأردنية : (رقم التسجيلة. 113832)

تفاصيل مارك
000 -الفاتح
عناصر البيانات ثابتة الطول 00722cam a2200181 i 4500
005 - تاريخ ووقت آخر معاملة
حقل ضبط 20251108174625.0
008 - عناصر البيانات ثابتة الطول
عناصر البيانات ثابتة الطول 250721s2005 jo gr 000 0 ara d
020 ## - الترقيم الدولي المعياري للكتب (ردمك)
الترقيم الدولي المعياري للكتب (ردمك) 9957855131
082 14 - رقم تصنيف ديوي العشري
رقم التصنيف 015.565
رقم المادة أ ر د
110 2# - مدخل رئيسي – اسم هيئة
اسم الهيئة أو اسم السلطة المختصة كعنصر مدخل دائرة المكتبة الوطنية
علاقة الهيئة بالعمل/ دورالهئية مصدر.
245 12 - بيان العنوان
العنوان الببليوغرافيا الوطنية الأردنية :
بقية العنوان السجل السنوي للنتاج الفكري في المملكة الأردنية الهاشمية لعام 2004 /
بيان المسؤولية 2005.
264 1# - بيانات النشر، التوزيع…إلخ
مكان النشر، التوزيع...إلخ عمان :
اسم الناشر، الموزع...إلخ المكتبة الوطنية،
تاريخ النشر، التوزيع...إلخ 2005.
300 ## - الوصف المادي
عدد الوحدات المكونة للوعاء 440 صفحة.
650 17 - مدخل إضافي بالموضوع - مصطلح موضوعي
مصطلح موضوعي أو اسم جغرافي كعنصر مدخل الببلوغرافيات الوطنيه.
650 17 - مدخل إضافي بالموضوع - مصطلح موضوعي
مصطلح موضوعي أو اسم جغرافي كعنصر مدخل الاردن.
942 ## - بيانات إضافية (كوها)
نوع التنصيف Dewey Decimal Classification
نوع المادة (كوها) كتب
المقتنيات
حالة السحب حالة الفقدان مصدر التصنيف حالة التلف غير قابل للإعارة المكتبة الرئيسية المكتبة الحالية موقع الرف تاريخ التزويد الرقم المتسلسل Total Checkouts رقم الإستدعاء الباركود تاريخ آخر ظهور تاريخ الفاتورة نوع المادة (كوها)
    Dewey Decimal Classification     المكتبة المركزية المكتبة المركزية الإعارة 28/07/2025 1129999   015.565 / أ ر د PLD00037046 28/07/2025 28/07/2025 كتب
Implemented & Customized by: BBB with SCIT (Smart Chains for Information Technology)

Powered by Koha